000 00363 a2200169 4500
001 169666
020 _a85-16-02726-0
040 _cMagnum
100 _aTelles, Carlos Queiroz
240 1 0 _aChegou o grande dia
_lpor
245 1 0 _aChegou o grande dia
300 _a29
362 0 _a2001
440 1 _aModerna
697 _aLITERATURA JUVENIL
942 _cBK
999 _c169666
_d169666